| 000 | 00645nam a2200169 4500 | ||
|---|---|---|---|
| 001 | 127879 | ||
| 003 | ES-MaACL | ||
| 005 | 20230906193116.0 | ||
| 007 | t| | ||
| 008 | 070214s1937 bl r ||||1| por d | ||
| 100 | 1 |
_aRivera de la Granda, Joseph. _997640 |
|
| 245 | 1 | 0 |
_aCompendio chronologico _b: no qual se trata da origem, antiguidade e nobreza da casa e linhagen do apellido de Moya / _cpelo bacharel dom Joseph Rivera de la Granda ; traducçâo do Salvador de Moya. |
| 260 |
_aSâo Paulo : _b[s. n.], _c1937 ( _fTyp. Cruzeiro do Sul) |
||
| 300 |
_a38 p. ; _c24 cm. |
||
| 700 | 1 |
_aMoya, Salvador de. _983962 |
|
| 852 |
_aES-MaACL _j1818-F-29 |
||
| 999 |
_c127879 _d127879 |
||